[Event "Howell (US Am N/2/49)"]
[Site "?"]
[Date "1996.??.??"]
[Round "?"]
[White "Elker, M."]
[Black "Rosati, S."]
[Result "0-1"]
[WhiteElo "1605"]
[BlackElo "1605"]
[PlyCount "98"]
[EventDate "1996.??.??"]

{2/(49)} 1. d4 e6 2. Bd2 Nf6 3. Nc3 d5 4. Bg5 Be7 5. Bxf6 Bxf6 6. e4 dxe4 7. d5
Bxc3+ 8. bxc3 Qxd5 9. c4 Qa5+ 10. Qd2 Qxd2+ 11. Kxd2 c5 12. Re1 f5 13. g3 Nc6
14. a3 O-O 15. f3 exf3 16. Nxf3 Re8 17. Bg2 e5 18. Re2 e4 19. Ng5 h6 20. Nh3
Be6 21. Kc3 Ne5 22. Rd2 Nxc4 23. Rdd1 Ne3 24. Rd2 Rad8 25. Nf4 Rxd2 26. Kxd2
Nxg2 27. Nxg2 Bd5 28. Rf1 g6 29. Nf4 Bf7 30. Rb1 b6 31. Ke3 Rd8 32. a4 Rd4 33.
a5 Rb4 34. Rd1 bxa5 35. Rd8+ Kg7 36. Rd7 Kf6 37. Rxa7 g5 38. Ra6+ Kg7 39. Ne2
Ra4 40. Rb6 Rc4 41. Kd2 a4 42. Rb1 Kg6 43. Nc3 f4 44. gxf4 gxf4 45. Rb6+ Kg5
46. Nxa4 e3+ 47. Ke2 Rxc2+ 48. Ke1 Rc1+ 49. Ke2 Bc4+ 0-1

[Event "Howell (US Am N/1/43)"]
[Site "?"]
[Date "1996.??.??"]
[Round "?"]
[White "Elker, M."]
[Black "Hanna, Carl"]
[Result "0-1"]
[WhiteElo "1605"]
[BlackElo "1625"]
[PlyCount "36"]
[EventDate "1996.??.??"]

{1/(43)} 1. d4 d5 2. Nc3 Nf6 3. Nf3 c5 4. Bd2 Nc6 5. e3 Bg4 6. Be2 e6 7. h3 Bf5
8. a3 Bd6 9. g4 Be4 10. Nxe4 Nxe4 11. O-O Qf6 12. c3 g5 13. Kh1 h5 14. Ng1
Nxf2+ 15. Rxf2 Qxf2 16. Nf3 hxg4 17. Bf1 gxf3 18. Qe1 Qh2# 0-1

[Event "Howell (US Am N/4/53)"]
[Site "?"]
[Date "1996.??.??"]
[Round "?"]
[White "Elker, M."]
[Black "Garfield-Turner, A."]
[Result "1/2-1/2"]
[WhiteElo "1605"]
[BlackElo "1605"]
[PlyCount "100"]
[EventDate "1996.??.??"]

{4/(53)} 1. e4 e5 2. Nf3 Nc6 3. Nc3 Nf6 4. Bc4 Nxe4 5. Nxe4 d5 6. Bxd5 Qxd5 7.
d3 Bf5 8. c4 Qd8 9. b3 Bxe4 10. dxe4 Qxd1+ 11. Kxd1 O-O-O+ 12. Ke2 Bb4 13. Bb2
Rhe8 14. a3 Bf8 15. Rad1 f6 16. Rd2 Rxd2+ 17. Nxd2 g6 18. Rd1 f5 19. f3 f4 20.
b4 Nd4+ 21. Kf2 c5 22. b5 Rd8 23. Ke1 a6 24. a4 g5 25. Bc3 h5 26. h3 Rd7 27.
Rb1 Rg7 28. bxa6 bxa6 29. Rb6 g4 30. Rxa6 gxh3 31. gxh3 Kb7 32. Rh6 Rg5 33. Rf6
Bg7 34. Rf7+ Ka6 35. h4 Nc2+ 36. Kf2 Rg6 37. a5 Bf6 38. Nb3 Bxh4+ 39. Kf1 Ne3+
40. Ke2 Nxc4 41. Kd3 Nd6 42. Re7 c4+ 43. Kc2 cxb3+ 44. Kxb3 Nb5 45. Rh7 Nxc3
46. Rxh5 Be1 47. Rxe5 Rg3 48. Kb4 Ne2+ 49. Ka4 Nc3+ 50. Kb3 Rxf3 {[Somehow,
White played 51.Rxe1 and got a draw around move 56.]} 1/2-1/2

[Event "Cadillac Open/2/1"]
[Site "?"]
[Date "1996.??.??"]
[Round "?"]
[White "Egerton, J."]
[Black "Zaremba, Andrei"]
[Result "0-1"]
[WhiteElo "1920"]
[BlackElo "2250"]
[PlyCount "70"]
[EventDate "1996.??.??"]

{2/1} 1. d4 Nf6 2. Nf3 g6 3. Bg5 Bg7 4. Nbd2 d5 5. e3 O-O 6. Be2 Nbd7 7. O-O h6
8. Bh4 g5 9. Bg3 Ne4 10. Nxe4 dxe4 11. Nd2 f5 12. c3 e6 13. h3 Nf6 14. Be5 Qe7
15. Qb3 Kh8 16. Rac1 h5 17. Bxf6 Rxf6 18. Bxh5 Rh6 19. g4 e5 20. Kg2 Be6 21.
Qxb7 Rd8 22. Qxa7 f4 23. Nxe4 f3+ 24. Kh2 exd4 25. cxd4 Bxg4 26. Bxg4 Qxe4 27.
Rg1 Bf8 28. Qa5 Bd6+ 29. Kh1 Rf8 30. Rxc7 Rxh3+ 31. Bxh3 Qh4 32. Rg3 Bxg3 33.
Rh7+ Qxh7 34. fxg3 Qxh3+ 35. Kg1 f2# 0-1

[Event "Cadillac Open/4/5"]
[Site "?"]
[Date "1996.??.??"]
[Round "?"]
[White "Egerton, J."]
[Black "Fischvogt, Eric"]
[Result "1/2-1/2"]
[WhiteElo "1920"]
[BlackElo "2215"]
[PlyCount "91"]
[EventDate "1996.??.??"]

{4/5} 1. d4 Nf6 2. Nf3 g6 3. Bg5 Bg7 4. Nbd2 d5 5. e3 O-O 6. Be2 c5 7. c3 Nbd7
8. O-O Qc7 9. Bf4 Qb6 10. Qb3 c4 11. Qxb6 axb6 12. Rfe1 Nh5 13. Bc7 f5 14. Ng5
Rf6 15. Bd8 Bf8 16. Bf3 e6 17. Bxh5 gxh5 18. Bxf6 Nxf6 19. a3 Bd7 20. Ngf3 Bd6
21. Ne5 Ba4 22. Ndf3 Ne4 23. Re2 Kg7 24. Nd2 Nf6 25. Rc1 Bxe5 26. dxe5 Nd7 27.
Nf3 Nc5 28. h3 Ra5 29. Rb1 h6 30. Nd4 Kf7 31. Kh2 Ra8 32. Rg1 Rg8 33. g3 Nd3
34. f4 Rg7 35. Rd2 Nc5 36. Re2 Nd3 37. Nf3 Bc6 38. Rd2 Ba4 39. Rb1 Nc5 40. Rg2
Nd3 41. Nd4 Nc5 42. Kh1 Ne4 43. Kh2 Nc5 44. Rbg1 Nd3 45. Rd2 Nc5 46. Rdg2
1/2-1/2

[Event "Cadillac Open/5/13"]
[Site "?"]
[Date "1996.??.??"]
[Round "?"]
[White "Egerton, B."]
[Black "Williams, Claude"]
[Result "1-0"]
[WhiteElo "1605"]
[BlackElo "1605"]
[PlyCount "46"]
[EventDate "1996.??.??"]

{5/13} 1. e4 c5 2. Nf3 d6 3. d4 cxd4 4. Nxd4 Nf6 5. Nc3 g6 6. Be3 Bg7 7. f3 O-O
8. Bc4 e6 9. Qd2 Nc6 10. O-O Bd7 11. h4 h5 12. Bh6 d5 13. Bxg7 Kxg7 14. exd5
exd5 15. Nxd5 Na5 16. Bb3 Rc8 17. Nxf6 Qxf6 18. Qxa5 a6 19. Qg5 Qb6 20. Qe3 Qf6
21. Ne2 Rfe8 22. Qd4 Rxe2 23. Qxf6+ Kxf6 {[Remainder illegible; 1-0, 46?]} 1-0

[Event "Cadillac Open/2/10"]
[Site "?"]
[Date "1996.??.??"]
[Round "?"]
[White "Egerton, B."]
[Black "Kitts, Gary"]
[Result "1-0"]
[WhiteElo "1605"]
[BlackElo "2000"]
[PlyCount "78"]
[EventDate "1996.??.??"]

{2/10} 1. e4 e6 2. d4 d5 3. Nd2 a6 4. Ngf3 Nf6 5. e5 Nfd7 6. Be2 c5 7. c3 Nc6
8. O-O Be7 9. Re1 O-O 10. Nf1 f6 11. exf6 Nxf6 12. Ng3 Bd7 13. Bg5 cxd4 14.
Nxd4 Qb6 15. Nxc6 bxc6 16. Qb3 Bc5 17. Qxb6 Bxb6 18. Bf3 Rae8 19. Be3 Bxe3 20.
Rxe3 e5 21. Rae1 e4 22. Be2 a5 23. Rd1 Ng4 24. Bxg4 Bxg4 25. Rd2 Bc8 26. Ne2
Ba6 27. Nd4 Rc8 28. Nb3 Bc4 29. Nc1 a4 30. b3 axb3 31. axb3 Bb5 32. Rc2 c5 33.
c4 dxc4 34. bxc4 Ba4 35. Ra2 Ra8 36. Rxe4 Bc6 37. Rxa8 Rxa8 38. Re2 Ra1 39. Rc2
Ba4 1-0

[Event "Cadillac Open/3/5"]
[Site "?"]
[Date "1996.??.??"]
[Round "?"]
[White "Egerton, B."]
[Black "Fuller, William"]
[Result "0-1"]
[WhiteElo "1605"]
[BlackElo "2160"]
[PlyCount "66"]
[EventDate "1996.??.??"]

{3/5} 1. e4 c5 2. Nf3 Nc6 3. d4 cxd4 4. Nxd4 e5 5. Nb3 Nf6 6. Bg5 Bb4+ 7. c3
Be7 8. N1d2 d5 9. exd5 Nxd5 10. Bxe7 Qxe7 11. Bb5 O-O 12. Bxc6 bxc6 13. O-O Nf4
14. Ne4 Rd8 15. Nbd2 Bf5 16. Ng3 Bg6 17. Ne2 Nxg2 18. Kxg2 Qg5+ 19. Ng3 Rxd2
20. Qb3 h5 21. Kh1 h4 22. Qb7 Qd8 23. Qxc6 hxg3 24. fxg3 Rc8 25. Qf3 e4 26. Qe3
Qd5 27. Rae1 Rxb2 28. a4 Rxc3 29. Qf4 Rcc2 30. g4 e3+ 31. Rf3 Rxh2+ 32. Kg1
Rbg2+ 33. Kf1 Qd3+ 0-1

[Event "Lansing (MOR/3/7)"]
[Site "?"]
[Date "1996.??.??"]
[Round "?"]
[White "Eck, J."]
[Black "Velasquez, A."]
[Result "1-0"]
[WhiteElo "1605"]
[BlackElo "1680"]
[PlyCount "87"]
[EventDate "1996.??.??"]

{3/(7)} 1. e4 c5 2. Nf3 Nc6 3. c3 d5 4. exd5 Qxd5 5. c4 Qd8 6. h3 Nf6 7. Nc3 e5
8. d3 Be7 9. Be2 O-O 10. O-O a6 11. Bg5 Qc7 12. Bxf6 Bxf6 13. Ne4 Nd4 14. Nxf6+
gxf6 15. Nxd4 exd4 16. f4 Kh8 17. Qd2 Rg8 18. Rf3 Qc6 19. f5 Bxf5 20. g4 Bxg4
21. hxg4 Rxg4+ 22. Kf2 Rag8 23. Rf1 Rg2+ 24. Ke1 Rg1 25. Kd1 Rxf1+ 26. Rxf1 Rg2
27. Qf4 Rg6 28. Bh5 Kg7 29. Bxg6 fxg6 30. Re1 Qd7 31. Rh1 h5 32. Kd2 b5 33.
cxb5 axb5 34. Rf1 Qd8 35. Kc2 c4 36. Qe4 g5 37. Qb7+ Kg6 38. Qxb5 Qe7 39. Qf5+
Kg7 40. dxc4 h4 41. c5 h3 42. c6 Qf7 43. Kb1 d3 44. Qxh3 1-0

[Event "Lansing (MOR/7/26)"]
[Site "?"]
[Date "1996.??.??"]
[Round "?"]
[White "Eck, J."]
[Black "Sobh, Mohamed"]
[Result "0-1"]
[WhiteElo "1605"]
[BlackElo "1605"]
[PlyCount "90"]
[EventDate "1996.??.??"]

{7/(26)} 1. e4 e5 2. Nf3 Nc6 3. c4 Bc5 4. Nc3 Nf6 5. d3 Ng4 6. Be3 Bxe3 7. fxe3
Nxe3 8. Qd2 Nxf1 9. Rxf1 d6 10. h3 O-O 11. a3 Na5 12. Qc2 c6 13. b4 Nxc4 14.
dxc4 Be6 15. Qe2 Qb6 16. Rd1 Qa6 17. b5 Qxa3 18. Rxd6 Qxc3+ 19. Nd2 Bxc4 20.
Qxc4 Qxc4 21. Nxc4 cxb5 22. Nxe5 Rae8 23. Rd5 f6 24. Nd3 Rxe4+ 25. Kd2 Rfe8 26.
Rxb5 Re2+ 27. Kc3 Rxg2 28. Rxb7 Rc8+ 29. Kd4 Rg3 30. Nc5 Rxh3 31. Rxa7 Rh4+ 32.
Kd5 Rh5+ 33. Kd6 Rcxc5 34. Re1 Rc8 35. Ree7 Rg5 36. Rab7 h5 37. Kd7 Rcc5 38.
Re8+ Kh7 39. Ke7 Kg6 40. Kf8 Kh7 41. Kf7 h4 42. Rbb8 Rc7+ 43. Ke6 Rh5 44. Kd6
Rc1 45. Ke7 Rg1 {[Remainder illegible; 0-1, 53?]} 0-1

[Event "Lansing (MOR/1a/25)"]
[Site "?"]
[Date "1996.??.??"]
[Round "?"]
[White "Eck, J."]
[Black "McNair, P."]
[Result "1-0"]
[WhiteElo "1605"]
[BlackElo "1605"]
[PlyCount "89"]
[EventDate "1996.??.??"]

1. e4 e5 2. Nf3 Nc6 3. c4 Nf6 4. Nc3 Bc5 5. d3 Ng4 6. Be3 Bxe3 7. fxe3 Nxe3 8.
Qd2 Nxf1 9. Rxf1 O-O 10. Nd5 d6 11. h3 Ne7 12. Ne3 Ng6 13. O-O-O Qf6 14. Nd5
Qd8 15. h4 c6 16. h5 Ne7 17. Nc3 Bg4 18. h6 Ng6 19. hxg7 Kxg7 20. g3 h6 21. d4
Re8 22. Rf2 Qf6 23. Nxe5 Qe6 24. Rxf7+ Kg8 25. Qxh6 Qxf7 26. Nxf7 Bxd1 27.
Qxg6+ Kf8 28. Nxd1 Ke7 29. e5 Rg8 30. Qf6+ Kd7 31. Qxd6+ Kc8 32. e6 a6 33. Qd7+
Kb8 34. e7 Ka7 35. c5 Rac8 36. Nd8 Rb8 37. Nxc6+ Ka8 38. Nxb8 Kxb8 39. e8=Q+
Rxe8 40. Qxe8+ Ka7 41. Nc3 a5 42. a4 b6 43. Nb5+ Kb7 44. c6+ Ka6 45. Qa8# 1-0

[Event "Lansing (MOR/5/30)"]
[Site "?"]
[Date "1996.??.??"]
[Round "?"]
[White "Eck, J."]
[Black "Abdul-Mujeeb, N."]
[Result "0-1"]
[WhiteElo "1605"]
[BlackElo "1605"]
[PlyCount "142"]
[EventDate "1996.??.??"]

{5/(30)} 1. e4 c5 2. Nf3 d6 3. h3 Nf6 4. d3 Nc6 5. c4 g6 6. Nc3 e6 7. Be2 Bg7
8. O-O b6 9. Rb1 Bb7 10. Nh2 h5 11. a3 O-O 12. Bg5 Qd7 13. Qc1 Nd4 14. b4 Nh7
15. Bh6 d5 16. Bxg7 Kxg7 17. Bd1 cxb4 18. axb4 dxe4 19. dxe4 Rac8 20. Ba4 Qxa4
21. Nxa4 Ne2+ 22. Kh1 Nxc1 23. Rbxc1 Bxe4 24. c5 Bd3 25. Rfe1 Bb5 26. Nc3 Bc4
27. Ne4 Bd5 28. Nd6 Rc6 29. Nf3 Bxf3 30. gxf3 bxc5 31. bxc5 Nf6 32. Red1 Nd5
33. Rd2 Rd8 34. f4 Rdxd6 35. Kh2 Rd7 36. Kg3 Rdc7 37. Ra2 Rxc5 38. Rxc5 Rxc5
39. Rxa7 Rc3+ 40. Kg2 Nxf4+ 41. Kh2 Rxh3+ 42. Kg1 h4 43. Ra5 Kf6 44. f3 Rxf3
45. Ra2 h3 46. Kh1 g5 47. Kg1 g4 48. Rf2 Rxf2 49. Kxf2 Ke5 50. Kg3 f5 51. Kh2
Kd4 52. Kg3 e5 53. Kh2 e4 54. Kg3 Ng2 55. Kf2 e3+ 56. Kg3 e2 57. Kh2 e1=R 58.
Kg3 f4+ 59. Kh2 f3 60. Kg3 Ke3 61. Kxg4 h2 62. Kg3 h1=Q 63. Kg4 Qh4+ 64. Kf5
Nf4 65. Ke5 Kf2+ 66. Kd4 Qd8+ 67. Kc3 Rc1+ 68. Kb2 Qd2+ 69. Kb3 Qc3+ 70. Ka4
Ra1+ 71. Kb5 Rb1+ 0-1

[Event "Ann Arbor (Mini-Swiss/3/12)"]
[Site "?"]
[Date "1996.??.??"]
[Round "?"]
[White "Ebersole, A."]
[Black "Harris, M."]
[Result "0-1"]
[WhiteElo "1605"]
[BlackElo "1605"]
[PlyCount "78"]
[EventDate "1996.??.??"]

{3/(12)} 1. e4 c5 2. Bc4 Nc6 3. Nc3 Nf6 4. Nf3 e6 5. d3 d5 6. Bg5 dxc4 7. dxc4
Be7 8. Bxf6 Bxf6 9. e5 Be7 10. O-O O-O 11. Rc1 a6 12. Qd3 Bd7 13. Ng5 Bxg5 14.
Rcd1 Nxe5 15. Qh3 Nxc4 16. Rd3 Qe7 17. Rg3 Nxb2 18. Rc1 Bxc1 19. Qg4 g6 20. Rh3
e5 21. Nd5 Qg5 22. Qh4 Bxh3 23. Qxh3 Rad8 24. Ne3 Bxe3 25. Kf1 Rd1+ 26. Ke2 Bf4
27. g3 Bc1 28. Kf3 Rfd8 29. Kg2 R1d2 30. Qh4 Rxc2 31. Kh3 Rxf2 32. Qxg5 Bxg5
33. Kg4 h6 34. h4 Bc1 35. Kh3 Rd3 36. a3 Rff3 37. h5 Rxg3+ 38. Kh4 Rh3+ 39. Kg4
Rdg3# 0-1

[Event "Ann Arbor (Mini-Swiss/1/12)"]
[Site "?"]
[Date "1996.??.??"]
[Round "?"]
[White "Ebersole, A."]
[Black "Bedy, N."]
[Result "0-1"]
[WhiteElo "1605"]
[BlackElo "1605"]
[PlyCount "32"]
[EventDate "1996.??.??"]

{1/(12)} 1. e4 e5 2. Nf3 Nf6 3. Nxe5 d6 4. Nd3 Nxe4 5. f3 Nf6 6. Nc3 Be7 7. Nf2
O-O 8. d3 Re8 9. Bg5 d5 10. Qd2 Bb4+ 11. Be2 d4 12. O-O-O dxc3 13. bxc3 Ba3+
14. Kb1 Qd6 15. Bf4 Qb6+ 16. Ka1 Qb2# 0-1

[Event "Lansing (MI Op/2/16)"]
[Site "?"]
[Date "1996.??.??"]
[Round "?"]
[White "Eagle, Chris"]
[Black "Rotberg, Victor"]
[Result "1-0"]
[WhiteElo "2115"]
[BlackElo "1820"]
[PlyCount "73"]
[EventDate "1996.??.??"]

{2/(16)} 1. e4 c5 2. Nf3 d6 3. d3 Nc6 4. g3 Nf6 5. Bg2 Bg4 6. h3 Bxf3 7. Bxf3
g6 8. O-O Bg7 9. Bg2 O-O 10. f4 Rc8 11. Nd2 b5 12. a4 b4 13. Kh2 Qc7 14. Nc4 a5
15. Rb1 Nd7 16. h4 h5 17. Bh3 Rb8 18. g4 hxg4 19. Bxg4 Nf6 20. h5 Nd4 21. Rf2
e6 22. Be3 Rbd8 23. hxg6 Nxg4+ 24. Qxg4 f5 25. Qh5 Rfe8 26. Rh1 Bf6 27. e5 dxe5
28. fxe5 Nc6 29. Qh7+ Qxh7+ 30. gxh7+ Kxh7 31. exf6 Kg6 32. Rg2+ Kf7 33. Rhg1
e5 34. Rg7+ Ke6 35. f7 Rf8 36. R7g6+ Kd5 37. Nb6# 1-0

[Event "Lansing (MI Op/6/4)"]
[Site "?"]
[Date "1996.??.??"]
[Round "?"]
[White "Eagle, Chris"]
[Black "Hahn, David"]
[Result "1-0"]
[WhiteElo "2115"]
[BlackElo "2200"]
[PlyCount "71"]
[EventDate "1996.??.??"]

{6/(4)} 1. e4 d6 2. Nf3 g6 3. g3 Bg7 4. Bg2 c5 5. d3 Nc6 6. O-O e6 7. Nbd2 Nge7
8. Re1 O-O 9. a4 e5 10. c3 h6 11. Nc4 Be6 12. Ne3 Qd7 13. Rb1 f5 14. exf5 gxf5
15. Nc2 a5 16. d4 e4 17. Nh4 cxd4 18. Nxd4 Nxd4 19. cxd4 Rf6 20. Bf1 Bd5 21.
Ng2 Bc6 22. Nf4 Bxa4 23. b3 Bb5 24. Nh5 Rg6 25. Nxg7 Kxg7 26. d5 Bxf1 27. Qd4+
Kh7 28. Rxf1 Rag8 29. b4 Qb5 30. Rd1 a4 31. Bb2 Rc8 32. Rbc1 Qe8 33. Rxc8 Qxc8
34. Rc1 Qd8 35. Rc7 Rg8 36. Qf6 1-0

[Event "Lansing (MI Op/3/6)"]
[Site "?"]
[Date "1996.??.??"]
[Round "?"]
[White "Eagle, Chris"]
[Black "Fischvogt, Eric"]
[Result "1-0"]
[WhiteElo "2115"]
[BlackElo "2215"]
[PlyCount "98"]
[EventDate "1996.??.??"]

{3/(6)} 1. e4 e6 2. d3 d5 3. Nd2 c5 4. Ngf3 Nc6 5. g3 Bd6 6. Bg2 Nge7 7. O-O
O-O 8. exd5 exd5 9. d4 Bg4 10. dxc5 Bxc5 11. c3 Qd7 12. Qa4 Rad8 13. b4 Bd6 14.
Re1 a6 15. Qb3 Bb8 16. Nf1 Ng6 17. Bg5 f6 18. Be3 Kh8 19. Rad1 Qf5 20. Nd4 Bxd1
21. Rxd1 Nxd4 22. Bxd4 Ne5 23. Bc5 Rfe8 24. Ne3 Nf3+ 25. Kf1 Nxh2+ 26. Kg1 Nf3+
27. Kf1 Qh5 28. Nxd5 Rxd5 29. Bxf3 Rxd1+ 30. Qxd1 Qh3+ 31. Kg1 Qc8 32. Qd5 b5
33. Qb7 Qe6 34. Bc6 Rd8 35. Bb6 Rd1+ 36. Kg2 Qg8 37. Bf3 Rd2 38. Qxa6 Rxa2 39.
Qxb5 Be5 40. Bd5 Qb8 41. Bxa2 Bc7 42. c4 Bxb6 43. c5 Qa8+ 44. Kh2 Bc7 45. Qc4
f5 46. b5 f4 47. b6 fxg3+ 48. fxg3 Be5 49. c6 Qf8 1-0

[Event "Ann Arbor (HVA/3/5)"]
[Site "?"]
[Date "1996.??.??"]
[Round "?"]
[White "Dushane, M."]
[Black "Williams, M."]
[Result "0-1"]
[WhiteElo "1605"]
[BlackElo "1605"]
[PlyCount "84"]
[EventDate "1996.??.??"]

{3/(5)} 1. c4 c5 2. Nc3 Nf6 3. Nf3 d6 4. g3 Nc6 5. Bg2 Bd7 6. d3 a6 7. O-O e6
8. Bg5 Be7 9. e3 O-O 10. a3 Ne8 11. Ne4 f5 12. Bxe7 Qxe7 13. Nc3 Nf6 14. Ng5 h6
15. Nf3 Na5 16. b4 Nc6 17. Nh4 b6 18. Ng6 Qf7 19. Nxf8 Qxf8 20. Qa4 Ne5 21. Qd1
Rc8 22. Bb7 Rc7 23. Bxa6 Bc6 24. f4 Neg4 25. Qd2 Qf7 26. h3 Qh5 27. hxg4 Nxg4
28. e4 fxe4 29. dxe4 Nf6 30. Qh2 Qg6 31. b5 Bxe4 32. Nxe4 Nxe4 33. Kg2 Nd2 34.
Rfd1 Qe4+ 35. Kh3 Nf3 36. Qf2 g5 37. fxg5 hxg5 38. Rxd6 Rh7+ 39. Kg2 Ne1+ 40.
Kf1 Rh1+ 41. Qg1 Rxg1+ 42. Kxg1 Qg2# 0-1

[Event "Cadillac Open/4/20"]
[Site "?"]
[Date "1996.??.??"]
[Round "?"]
[White "Dushane, M."]
[Black "Williams, Claude"]
[Result "0-1"]
[WhiteElo "1605"]
[BlackElo "1605"]
[PlyCount "72"]
[EventDate "1996.??.??"]

{4/20} 1. c4 f5 2. Nc3 Nf6 3. Nf3 d6 4. d3 g6 5. Bg5 Bg7 6. g3 h6 7. Bxf6 Bxf6
8. Bg2 e5 9. Qb3 c6 10. e4 f4 11. gxf4 exf4 12. Ne2 Nd7 13. Nxf4 Nc5 14. Qc2
Kf7 15. d4 Ne6 16. Nxe6 Bxe6 17. O-O-O Qa5 18. a3 Rac8 19. Rhe1 b5 20. e5 Be7
21. Nd2 Rhd8 22. Rg1 Rg8 23. Be4 g5 24. Bh7 Rg7 25. Bf5 Rf8 26. d5 Bxf5 27.
Qxf5+ Kg8 28. Qe6+ Kh7 29. exd6 Bf6 30. dxc6 bxc4 31. Nxc4 Bxb2+ 32. Nxb2 Qc3+
33. Kb1 Rxf2 34. Qa2 Qxc6 35. Qd5 Qc2+ 36. Ka1 Qxb2# 0-1

[Event "Ann Arbor (HVA/2/3)"]
[Site "?"]
[Date "1996.??.??"]
[Round "?"]
[White "Dushane, M."]
[Black "McCarter, Robert"]
[Result "0-1"]
[WhiteElo "1605"]
[BlackElo "1730"]
[PlyCount "90"]
[EventDate "1996.??.??"]

{2/(3)} 1. c4 c5 2. Nc3 g6 3. Nf3 Bg7 4. e4 Nc6 5. d3 d6 6. Be2 a6 7. O-O e6 8.
Qb3 Nge7 9. Bg5 Qc7 10. Bxe7 Nxe7 11. Qa3 O-O 12. b4 cxb4 13. Qxb4 Nc6 14. Qa3
Bd7 15. Rab1 Rfb8 16. c5 dxc5 17. Qxc5 Bf8 18. Qc4 Qd6 19. d4 b5 20. Qd3 Nb4
21. Qd2 Rc8 22. e5 Qc7 23. Ne4 Nd5 24. Rfc1 Qd8 25. Rxc8 Rxc8 26. h3 Bc6 27.
Nfg5 Bb7 28. Bg4 Qd7 29. g3 Qc6 30. Rc1 Qxc1+ 31. Kg2 Qxd2 32. Nxd2 Nc3+ 33. f3
h5 34. Bxe6 fxe6 35. Nxe6 Bd5 36. Nf4 Kf7 37. g4 hxg4 38. hxg4 Bxa2 39. Kg3 Bh6
40. e6+ Bxe6 41. Nxe6 Kxe6 42. f4 Kd5 43. Nf3 Ne4+ 44. Kh4 Bxf4 45. Ng1 Rh8#
0-1

[Event "Cadillac Open/3/22"]
[Site "?"]
[Date "1996.??.??"]
[Round "?"]
[White "Dushane, M."]
[Black "Jacobs, Ron"]
[Result "1-0"]
[WhiteElo "1605"]
[BlackElo "1605"]
[PlyCount "83"]
[EventDate "1996.??.??"]

{3/22} 1. c4 c5 2. Nc3 Nc6 3. Nf3 e6 4. g3 Nf6 5. d3 d5 6. cxd5 Nxd5 7. Nxd5
exd5 8. Bg2 Be7 9. Qa4 Qa5+ 10. Qxa5 Nxa5 11. Ne5 Be6 12. O-O Rc8 13. Bd2 Nc6
14. Nxc6 Rxc6 15. Bc3 O-O 16. e4 Rd6 17. e5 Rdd8 18. d4 b6 19. dxc5 Bxc5 20. b4
Be7 21. f4 Rd7 22. f5 Bxf5 23. Rxf5 Rfd8 24. a3 Rc8 25. Be1 Rdc7 26. Bxd5 Rc1
27. Rxc1 Rxc1 28. Kf2 Rd1 29. Bxf7+ Kh8 30. Bc4 Rd4 31. Rf7 Rxc4 32. Rxe7 h6
33. Rxa7 Re4 34. a4 Rd4 35. Bc3 Rc4 36. Ra8+ Kh7 37. e6 Rxc3 38. e7 Rc2+ 39.
Kf3 Rc3+ 40. Kg2 Kg6 41. e8=Q+ Kg5 42. Qe5+ 1-0

[Event "Detroit (Beg/1/3)"]
[Site "?"]
[Date "1996.??.??"]
[Round "?"]
[White "Dushane, M."]
[Black "Evans Sr., Thomas"]
[Result "0-1"]
[WhiteElo "1605"]
[BlackElo "1605"]
[PlyCount "52"]
[EventDate "1996.??.??"]

{1/(3)} 1. c4 e5 2. Nc3 Nf6 3. e4 Bc5 4. Nf3 Nc6 5. d3 Ng4 6. Be3 Bxe3 7. fxe3
Nxe3 8. Qd2 Nxf1 9. Rxf1 O-O 10. Nd5 d6 11. b4 Ne7 12. c5 Nxd5 13. exd5 dxc5
14. bxc5 Qxd5 15. Qc3 e4 16. Ne5 exd3 17. Nxd3 Re8+ 18. Kd2 Bf5 19. Rf3 Rad8
20. Re1 Rxe1 21. Kxe1 Bxd3 22. Rg3 Qe4+ 23. Kd1 Qe2+ 24. Kc1 Bg6 25. Qb3 Rd2
26. Rc3 Qe1+ 0-1

[Event "Detroit (Beg/3/12)"]
[Site "?"]
[Date "1996.??.??"]
[Round "?"]
[White "Dushane, M."]
[Black "Chrzan, Bryan"]
[Result "1-0"]
[WhiteElo "1605"]
[BlackElo "1605"]
[PlyCount "101"]
[EventDate "1996.??.??"]

{3/(12)} 1. c4 f5 2. Nc3 g6 3. b3 Nf6 4. Bb2 Bg7 5. d4 e6 6. e3 d6 7. Nf3 Bd7
8. Ng5 Nc6 9. Qf3 Qe7 10. d5 exd5 11. cxd5 Nb4 12. Rc1 c6 13. a3 Na6 14. Bxa6
bxa6 15. dxc6 Bc8 16. c7 Qxc7 17. Qxa8 O-O 18. Nd5 Qa5+ 19. Bc3 Qxa3 20. O-O a5
21. Bxf6 Ba6 22. Qc6 Bxf1 23. Rxf1 Bxf6 24. Ne6 Rb8 25. Nxf6+ Kf7 26. Nd7 Rxb3
27. Ng5+ Ke7 28. Nxh7 Rc3 29. Qb7 Rc1 30. g3 Rc3 31. h4 Rb3 32. Nc5+ Rxb7 33.
Nxb7 Kd7 34. Nf6+ Kc7 35. Nxd6 Qxd6 36. Ne8+ Kd7 37. Nxd6 Kxd6 38. Ra1 Kc6 39.
Rxa5 Kb6 40. Ra1 a5 41. f3 Kb5 42. g4 fxg4 43. fxg4 Kb4 44. h5 gxh5 45. gxh5 a4
46. Rxa4+ Kxa4 47. h6 Kb4 48. h7 Kc3 49. h8=Q+ Kd3 50. Qe5 Ke2 51. e4 1-0

[Event "Detroit (Beg/4/10)"]
[Site "?"]
[Date "1996.??.??"]
[Round "?"]
[White "Dushane, M."]
[Black "Belill, V."]
[Result "1-0"]
[WhiteElo "1605"]
[BlackElo "1605"]
[PlyCount "53"]
[EventDate "1996.??.??"]

{4/(10)} 1. c4 Nf6 2. Nc3 e5 3. e4 Nc6 4. Nf3 Bc5 5. Be2 O-O 6. d3 Ng4 7. O-O
d6 8. Bg5 f6 9. Bh4 Nd4 10. Nxd4 exd4 11. Bxg4 dxc3 12. bxc3 f5 13. Bxd8 fxg4
14. Bxc7 Rf7 15. d4 Rxc7 16. dxc5 Rxc5 17. Qxd6 Rxc4 18. Qd5+ Kf8 19. Qxc4 Bd7
20. Rad1 Rc8 21. Qd5 Bc6 22. Qf5+ Ke7 23. Qxc8 Bd7 24. Qc5+ Kd8 25. Qd6 Ke8 26.
Qxd7+ Kf8 27. Qc7 1-0

[Event "Cadillac Open/1b/10"]
[Site "?"]
[Date "1996.??.??"]
[Round "?"]
[White "Dushane, M."]
[Black "Ashton, Jeff"]
[Result "0-1"]
[WhiteElo "1605"]
[BlackElo "1895"]
[PlyCount "84"]
[EventDate "1996.??.??"]

1. c4 c5 2. Nc3 Nc6 3. Nf3 Nf6 4. e4 d6 5. d3 g6 6. Be2 Bg7 7. O-O O-O 8. Bg5
h6 9. Bxf6 Bxf6 10. Nd5 Bg7 11. Rb1 e6 12. Ne3 a6 13. Qd2 b5 14. cxb5 axb5 15.
a3 Qe7 16. Ng4 Kh7 17. d4 h5 18. Ne3 Nxd4 19. Nxd4 cxd4 20. Nc2 Bb7 21. Nxd4
Bxe4 22. Rbc1 Bh6 23. f4 e5 24. Nc6 Bxc6 25. Rxc6 Bxf4 26. Qd3 Qa7+ 27. Kh1 Qe3
28. Qxe3 Bxe3 29. Rxd6 Bd4 30. Rb1 Rfb8 31. Bf3 Ra7 32. Bc6 Rb6 33. Rd7 Rxc6
34. Rxa7 Bxa7 35. Rf1 f5 36. h3 e4 37. Rd1 Rc7 38. Rd5 h4 39. Rxb5 Rc1+ 40. Kh2
Bg1+ 41. Kh1 Bf2+ 42. Kh2 Bg3# 0-1

[Event "Flint (MI Ch Spon/2)"]
[Site "?"]
[Date "1996.??.??"]
[Round "?"]
[White "Durkee, David"]
[Black "Caminata, A."]
[Result "1-0"]
[WhiteElo "1775"]
[BlackElo "1605"]
[PlyCount "73"]
[EventDate "1996.??.??"]

1. d4 d5 2. c4 c6 3. Nc3 Nf6 4. Nf3 Bg4 5. e3 h5 6. Be2 Nbd7 7. h3 Bf5 8. Qb3
Rb8 9. cxd5 Nxd5 10. Nxd5 cxd5 11. Qxd5 Be6 12. Qb5 a6 13. Qd3 Nb6 14. b3 Bd5
15. Ba3 Qd7 16. O-O Bxf3 17. Bxf3 g6 18. Rac1 Rc8 19. Rxc8+ Qxc8 20. Rc1 Qd7
21. Qc2 Kd8 22. Qc5 e6 23. Qxb6+ Ke8 24. Bxf8 Kxf8 25. Rc7 Qe8 26. Qxb7 Rh7 27.
Rc8 Qxc8 28. Qxc8+ Kg7 29. Qxa6 Rh8 30. Qb7 g5 31. d5 exd5 32. Bxd5 Rf8 33. e4
g4 34. h4 g3 35. fxg3 Rg8 36. Qxf7+ Kh8 37. Qxg8# 1-0

[Event "Detroit (WCO/5/12)"]
[Site "?"]
[Date "1996.??.??"]
[Round "?"]
[White "Duque, C."]
[Black "Vaughn, Gerald"]
[Result "0-1"]
[WhiteElo "1605"]
[BlackElo "1605"]
[PlyCount "69"]
[EventDate "1996.??.??"]

{5/(12)} 1. e4 c5 2. Nc3 Nc6 3. Nf3 Nf6 4. Bc4 e6 5. d4 cxd4 6. Nxd4 Bb4 7. Qd3
Ne5 8. Qe2 Qc7 9. Ndb5 Qc5 10. Bb3 a6 11. Be3 Qxb5 12. Qxb5 axb5 13. O-O Bxc3
14. bxc3 Nxe4 15. Bd4 d6 16. Rfe1 f5 17. a4 Nd2 18. Bxe5 dxe5 19. Rxe5 Nxb3 20.
cxb3 bxa4 21. bxa4 O-O 22. a5 Rd8 23. c4 b6 24. h3 bxa5 25. Rexa5 Rxa5 26. Rxa5
Rd1+ 27. Kh2 Kf7 28. c5 Bd7 29. Ra7 Ke7 30. Ra8 Bb5 31. g3 Rd7 32. Rc8 Ba6 33.
Ra8 Bb7 34. Ra7 h5 35. f3 {[Remainder illegible; 0-1, 60?]} 0-1

[Event "Detroit (WCO/2/23)"]
[Site "?"]
[Date "1996.??.??"]
[Round "?"]
[White "Duque, C."]
[Black "Goode, Randy"]
[Result "1/2-1/2"]
[WhiteElo "1605"]
[BlackElo "1605"]
[PlyCount "75"]
[EventDate "1996.??.??"]

{2/(23)} 1. d4 d5 2. Nc3 e6 3. Nf3 Bb4 4. Bd2 c5 5. e3 Nf6 6. Be2 O-O 7. O-O
Ne4 8. Bd3 Nxc3 9. Bxc3 Bxc3 10. bxc3 cxd4 11. cxd4 f6 12. Nh4 e5 13. Qh5 g6
14. Nxg6 e4 15. Nxf8 exd3 16. Qxh7+ Kxf8 17. Qxd3 Nc6 18. Qh7 f5 19. Rfe1 Nb4
20. Rac1 Nxa2 21. Rcd1 Qa5 22. f3 Nc3 23. Rc1 Na2 24. Ra1 Qc3 25. e4 Qxd4+ 26.
Kf1 Qc4+ 27. Kg1 Qxc2 28. exd5 b5 29. Re7 Qc5+ 30. Kf1 Qxe7 31. Qxe7+ Kxe7 32.
Rxa2 Kd6 33. h4 Kxd5 34. h5 Be6 35. Rd2+ Kc4 36. Rd6 Bf7 37. h6 b4 38. Rf6 {
[Remainder illegible; eventually drawn]} 1/2-1/2